000
00294pam a2200121 a 4500
020
_c
041
_h
082
_a
708
_b
GUP
245
_a
Click Contemporary Photography in india
_h
Textual Documents
260
_a
[s.l]:
_b
Vadhera Art Gallery,
_c
2008.
300
_a
216:
_b
paper.
930
_a
7073
999
_c
240863
_d
240863